000 00752nam a2200277Ia 4500
003 OSt
005 20220926030753.0
006 a|||||r|||| 00| 0
007 ta
008 220923b |||||||| |||| 00| 0 eng d
020 _a8190174207
037 _cGeneral Book
040 _aRTL
_cRTL
_beng
041 _2eng
_aeng
082 _aV2,8.P, P3
100 _aJagadananda
245 0 _aSocial watch India
_b Citizens report on governance
260 _aPune
_bNCAS India
_c2003
300 _axv,128p
_ccm.
650 _a Civil Service
650 _a India
_964395
650 _aHistory
700 _a Samuel John Ed
_9334795
942 _hV2,8.P, P3
_cGB
_2CC
999 _c650641
_d650641